Responses for Show #1341 - Monday, June 4, 1990

Contestants

[<< previous game]

Peter Gordon, a program scheduler originally from Brooklyn, New York

Richard Lewis, an audiologist originally from Aliquippa, Pennsylvania

Tom Stimson, an attorney from El Cerrito, California (whose 2-day cash winnings total $17,400)

Jeopardy! Round responses

HERSTORY
BASEBALL
FLATTERY
WORLD GEOGRAPHY
FURNITURE
CELEBRITY JEOPARDY!
    $100 1
Amelia Earhart

Richard
    $100 3
Steve Garvey

Peter
    $100 6
an apple

Richard
    $100 17
the Sahara

Tom
    $100 22
a dumbwaiter

Peter
    $100 14
Ed McMahon

Peter
    $200 2
Helen Keller

Peter
    $200 4
Mike Schmidt

Peter
    $200 7
fools

Richard
    $200 18
Mount Rainier

Tom
    $200 25
5

Tom
    $200 16
Kirk Cameron

Tom
    $300 11
Tokyo Rose

Tom
    $300 5
pine tar

Richard
    $300 8
Eddie Haskell

Richard
    $300 19
Greenland

Peter
    $300 26
teak

Tom
    $300 23
(Alex: We have a minute to go.)

Pat Buttram

Triple Stumper
    $700 12
governor or their respective states

Tom
    $400 10
(Dave) Stewart

Tom
    $400 9
Damocles

Peter
    $400 20
K2

Tom
    $400 27
patina

Richard
    $400 24
(Peter: Oh, who is Catherine Hicks?)

Ann Jillian

TomPeter
    $500 13
Nellie Bly

Richard
    $500 15
Denny McLain

Peter
    $500 29
[The end-of-round signal sounds.]

Julius Caesar

Richard
    $500 21
(Richard: What is the North Sea?)

the Baltic

TomRichard
    $500 28
a wing chair

Triple Stumper

Scores at the first commercial break (after clue 12):

Tom Richard Peter
$1,400 $1,000 $900

Scores at the end of the Jeopardy! Round:

Tom Richard Peter
$3,700 $1,900 $1,500

Double Jeopardy! Round responses

BEST SELLERS
SPACE EXPLORATION
THE BIBLE
STATE NICKNAMES
(Alex: These are not necessarily what have come to be accepted as the official state nicknames.)
JOURNALISM
JAZZ
    $200 19
Nancy Reagan

Peter
    $200 1
Venus

Peter
    $200 3
Jesus

Peter
    $200 10
Alaska

Richard
    $200 16
Japan

Tom
    $200 24
Swing

Peter
    $400 20
James Michener

Peter
    $400 2
the Space Shuttle

Richard
    $400 5
the Euphrates

Richard
    $400 11
Maine

Peter
    $400 17
the Herald Examiner

Richard
    $400 25
Duke Ellington

Richard
    $600 21
Joseph Wambaugh

Richard
    $600 4
Gemini

Richard
    $3,300 6
(Richard: What is gold?)

fire

Richard
    $600 13
Maryland

Peter
    $600 18
James Reston

Peter
    $600 26
(Peter: Who is Glenn Miller?)

Count Basie

Peter
Triple Stumper
    $800 27
Robert Fulghum

Peter
    $800 9
Skylab

Richard
    $800 7
40 days

Peter
    $800 14
Arizona

Tom
    $3,000 22
Columbia University

Richard
    $800 29
"Minnie The Moocher"

Peter
    $1000 28
John Jakes

Tom
    $1000 12
Viking

Tom
    $1000 8
Balaam

Peter
    $1000 15
Virginia

Richard
    $1000 23
Knight & Ridder

Tom
    $1000 30
Red Nichols

Tom

Scores at the end of the Double Jeopardy! Round:

Tom Richard Peter
$8,700 $6,400 $7,100

[wagering suggestions for these scores]

Final Jeopardy! Round responses

HISTORIC NAMES
(Alex: [To Richard] Remembering that Montenegro is part of Yugoslavia, you are correct.)
RichardWho is Tito?
$6,300
PeterWho is Tito?
$7,050
TomWho was Tito?
$5,499
Tito

Final scores:

Tom Richard Peter
$14,199 $12,700 $14,150
3-day champion: $31,599 3rd place: his & hers clothing from The Greif Companies + Nintendo Entertainment System with Junior & Family editions of Jeopardy! & Wheel of Fortune 2nd place: trip on Delta to Miami & stay at Sonesta Beach Hotel Key Biscayne

Game dynamics:

Coryat scores:

Tom Richard Peter
$8,400 $7,500 $7,100
17 R
(including 1 DD),
0 W
18 R
(including 1 DD),
2 W
(including 1 DD)
20 R,
2 W

Combined Coryat: $23,000

[game clues] [game scores] [suggest correction]

Game tape date: 1990-01-30
The J! Archive is created by fans, for fans. Scraping, republication, monetization, and malicious use prohibited; this site may use cookies and collect identifying information. See terms. The Jeopardy! game show and all elements thereof, including but not limited to copyright and trademark thereto, are the property of Jeopardy Productions, Inc. and are protected under law. This website is not affiliated with, sponsored by, or operated by Jeopardy Productions, Inc. Join the discussion at JBoard.tv.